000
00285nam a2200121Ia 4500
008
220204s9999 xx 000 0 und d
082
_b
GUP
100
_a
Gupta, R
245
0
_a
Practical mathematics for cost accountants
250
_a
Ed.6
260
_a
Bombay
_b
Academic
942
_c
BK
999
_c
32460
_d
32460